Compendio de normas laborales comentadas.
Uloženo v:
| Hlavní autor: | |
|---|---|
| Médium: | Neznámo |
| Jazyk: | angličtina |
| Vydáno: |
Santiago, Chile:
Thomson Reuters,
2023
|
| Vydání: | 1ª edición. |
| Edice: | Monografías.
|
| Témata: | |
| Tagy: |
Přidat tag
Žádné tagy, Buďte první, kdo vytvoří štítek k tomuto záznamu!
|
MARC
| LEADER | 00000 a2200000 4500 | ||
|---|---|---|---|
| 003 | CL-VaPUC | ||
| 005 | 20230821110703.0 | ||
| 008 | 230809t2023 ||||| |||| 00| 0 eng d | ||
| 999 | |c 441541 |d 441539 | ||
| 020 | |a 978-956-400-368-9 | ||
| 040 | |c Pontificia Universidad Católica de Valparaíso | ||
| 082 | |2 22 |a 344.8301 ARA 2023 | ||
| 100 | |a Araya Mora, Ingrid |9 884088 |e editora | ||
| 245 | |a Compendio de normas laborales comentadas. | ||
| 250 | |a 1ª edición. | ||
| 260 | |a Santiago, Chile: |b Thomson Reuters, |c 2023 | ||
| 300 | |a 345 páginas. | ||
| 490 | |a Monografías. | ||
| 583 | |c 20230809 | ||
| 650 | 0 | |9 15 |a Derecho laboral |x Normativas |x Aspectos generales |z Chile | |
| 650 | 0 | |9 255479 |a Código del trabajo |x Dirección del Trabajo, seguro social, inclusión laboral, etc. |z Chile | |
| 942 | |2 ddc |c BK | ||
| 952 | |0 0 |1 0 |2 ddc |4 0 |6 344_830100000000000_ARA_2023 |7 0 |8 A |9 591182 |a BIBDER |b BIBDER |c GEN |d 2023-08-08 |e 31 |g 0.00 |i 5658345 |o 344.8301 ARA 2023 |p 5658345 |r 2023-08-08 |t 1 |v 0.00 |w 2023-08-08 |y BK |k DER | ||